000
00247nam a2200097Ia 4500
008
230907s9999||||xx |||||||||||||| ||und||
082
_a
621.31,ETG
245
0
_a
Hole conductor free perovskite-based solar cells.
300
_a
pages cm
942
_c
BK
999
_c
597951
_d
597951